000 01134nam a2200313 a 4500
001 000113238
003 CHAP
005 20220329144345.0
008 170523s2016 mx a fsm |||||||spa d
010 _a109699
011 _a110671
040 _cCHAP
090 _aTesis
100 1 _aCoronado Vásquez, Antonia
_9132311
245 1 0 _aUso de silicio en lechuga (Lactuca sativa) en sistema NFT y raíz flotante /
_h[En línea]
_cpor Antonia Coronado Vásquez.
260 _aChapingo, Méx. :
_bEl autor,
_c2016.
500 _aPara ver el contenido del material haga clic en la liga
502 _aTesis (Lic. Agr. en Horticultura Protegida) -- UACH. Departamento de Fitotecnia
590 _aE8697GMM
_b05
_c20170523
_lUCH01
_h0910
590 _aE8697GMM
_b05
_c20170523
_lUCH01
_h0944
650 1 4 _aLechuga
_xCrecimiento.
_965456
650 1 4 _aLechuga
_xCultivos hidropónicos.
_9130209
650 1 4 _aSilicio
_xEfecto en lechuga.
_9132328
650 1 4 _aSoluciones nutritivas
_xAplicación.
_9130911
856 _aFinding aid
_uhttp://10.13.5.2/tesis/sist113238.pdf
_zTeclea aquí
901 _aBK
942 _cTESIS
942 _n0
999 _c109699
_d109699